000 00568nam a2200217Ia 4500
003 OSt
005 20220928144917.0
006 a|||||r|||| 00| 0
007 ta
008 220927b |||||||| |||| 00| 0 eng d
024 _a76938
037 _cTextual
040 _aSDCL
_cSDCL
_beng
041 _2eng
_aeng
082 _aX9W.3'N7<-N5, L3
100 _aChannon Derek F
_9510359
245 0 _aStrategy and structure of British enterprise.
260 _c1973
942 _hX9W.3'N7<-N5, L3
_cTEXL
_2CC
999 _c830454
_d830454